| 000 | 00846nmc a2200337 a 4500 | ||
|---|---|---|---|
| 003 | AR-BaBNM | ||
| 005 | 20251128211410.0 | ||
| 008 | 264020s1999 ||||||||||||||000 | spa|| | ||
| 020 | _a950-23-0954-5 | ||
| 040 | _cAR-BaBNM | ||
| 245 | 1 | 0 | _aDiscurso y ciencia social |
| 250 | _a1ª ed. | ||
| 260 |
_aBuenos Aires _bEudeba _c1999 |
||
| 300 | _a164 p. | ||
| 490 | 0 | _aTemas Letras | |
| 500 | _aContiene referencias bibliográficas | ||
| 650 | 4 | _aLINGUISTICA | |
| 650 | 4 | _aANALISIS LINGUISTICO | |
| 650 | 4 | _aSINTAXIS | |
| 650 | 4 | _aSEMIOLOGIA | |
| 650 | 4 | _aCIENCIAS SOCIALES | |
| 653 | _aANALISIS DEL DISCURSO | ||
| 700 | 1 | _aRaiter, Alejandro | |
| 700 | 1 | _aZullo, Julia | |
| 700 | 1 | _aPérez, Sara | |
| 700 | 1 | _aUnamuno, Virginia | |
| 700 | 1 | _aLabonia, Daniel | |
| 700 | 1 | _aMuñoz, Irene | |
| 942 | _cBK | ||
| 998 | _cmartin | ||
| 999 |
_c19520 _d19520 |
||